书目信息 |
| 题名: |
导游技巧与模拟导游
|
|
| 作者: | 窦志萍 编著 | |
| 分册: | ||
| 出版信息: | 北京 清华大学出版社 2006 |
|
| 页数: | 411页 | |
| 开本: | 26cm | |
| 丛书名: | 普通高等学校旅游管理教材 | |
| 单 册: | ||
| 中图分类: | F590.63 | |
| 科图分类: | ||
| 主题词: | 导游--教材--高等学校 | |
| 电子资源: | ||
| ISBN: | 7-302-12489-2 | |
| 000 | 00901nam0 2200265 450 | |
| 000 | 00907nam0 2200265 450 | |
| 000 | 00837nam0 2200241 450 | |
| 000 | 00800nam0 2200229 450 | |
| 005 | 20070602083822.68 | |
| 010 | @a7-302-12489-2@b平装@dCNY39.00 | |
| 100 | @a20070202d2006 em y0chiy0120 ea | |
| 101 | 0 | @achi |
| 102 | @aCN@b110000 | |
| 105 | @ay z 000yy | |
| 200 | 1 | @a导游技巧与模拟导游@ADao You Ji Qiao Yu Mo Ni Dao You@f窦志萍编著@FDou Zhi Ping Bian Zhu |
| 210 | @a北京@c清华大学出版社@d2006 | |
| 215 | @a411页@d26cm | |
| 225 | 2 | @a普通高等学校旅游管理教材 |
| 330 | @a本书以旅游服务中的主导服务——导游服务为中心,围绕导游服务的核心内容,即导游讲解服务展开研究和论述。 | |
| 410 | 0 | @12001 @a普通高等学校旅游管理教材 |
| 606 | 0 | @a导游@k教材@x高等学校 |
| 690 | @aF590.63@v4 | |
| 701 | 0 | @a窦志萍@ADou Zhi Ping@4编著 |
| 801 | 0 | @aCN@bTAOJIN@c20070602 |
| 905 | @a10447@dF590.63@e143 | |
| 导游技巧与模拟导游/窦志萍编著.-北京:清华大学出版社,2006 |
| 411页;26cm.-(普通高等学校旅游管理教材) |
| ISBN 7-302-12489-2(平装):CNY39.00 |
| 本书以旅游服务中的主导服务——导游服务为中心,围绕导游服务的核心内容,即导游讲解服务展开研究和论述。 |
| ● |
| 相关链接 |
|
|
|
|
正题名:导游技巧与模拟导游
索取号:F590.63/143
 
预约/预借
| 序号 | 登录号 | 条形码 | 馆藏地/架位号 | 状态 | 备注 |
| 1 | 0524089 | 205240899 | 第一样本阅览室/ [索取号:F590.63/143] | 在馆 | |
| 2 | 0524090 | 205240906 | 密集书库/ [索取号:F590.63/143] | 在馆 | |
| 3 | 0524091 | 205240915 | 第一借阅区/ [索取号:F590.63/143] | 在馆 | |
| 4 | 0524092 | 205240924 | 密集书库/ [索取号:F590.63/143] | 在馆 | |
| 5 | 0524093 | 205240933 | 第一借阅区/ [索取号:F590.63/143] | 在馆 | |
| 6 | 0524094 | 205240942 | 密集书库/ [索取号:F590.63/143] | 在馆 | |
| 7 | 0524095 | 205240951 | 第一借阅区/ [索取号:F590.63/143] | 在馆 | |
| 8 | 0524096 | 205240960 | 第一借阅区/ [索取号:F590.63/143] | 在馆 |